Managing People and Systems (Record no. 6135)
[ view plain ]
| 005 - DATE AND TIME OF LATEST TRANSACTION | |
|---|---|
| control field | 20250628171141.0 |
| 020 ## - INTERNATIONAL STANDARD BOOK NUMBER | |
| International Standard Book Number | 978 1847106384 |
| 100 ## - MAIN ENTRY--PERSONAL NAME | |
| Author name | ACCA |
| 245 ## - TITLE STATEMENT | |
| Title | Managing People and Systems |
| 260 ## - PUBLICATION, DISTRIBUTION, ETC. | |
| Place of publication, distribution, etc. | Britain |
| Name of publisher, distributor, etc. | Kaplan |
| Date of publication, distribution, etc. | 2008 |
| 300 ## - PHYSICAL DESCRIPTION | |
| Extent | xiv, 186p.: ill; Table |
| Dimensions | 29cm |
| 942 ## - ADDED ENTRY ELEMENTS (KOHA) | |
| Source of classification or shelving scheme | Dewey Decimal Classification |
| Koha item type | Books |
| Date last seen | Total checkouts | Full call number | Barcode | Cost, replacement price | Price effective from | Koha item type | Lost status | Source of classification or shelving scheme | Damaged status | Not for loan | Withdrawn status | Home library | Current library | Shelving location | Date acquired | Source of acquisition | Cost, normal purchase price |
|---|---|---|---|---|---|---|---|---|---|---|---|---|---|---|---|---|---|
| 06/28/2025 | 336.2 ACC | MBY000869 | 90000.00 | 06/28/2025 | Books | Dewey Decimal Classification | CBE MBEYA | CBE MBEYA | General Collection | 06/28/2025 | Purchase | 30000.00 | |||||
| 12/19/2025 | 336.2 ACC | MBY000868 | 90000.00 | 06/28/2025 | Books | Dewey Decimal Classification | CBE MBEYA | CBE MBEYA | General Collection | 06/28/2025 | Purchase | 30000.00 | |||||
| 06/28/2025 | 336.2 ACC | MBY000867 | 90000.00 | 06/28/2025 | Books | Dewey Decimal Classification | CBE MBEYA | CBE MBEYA | General Collection | 06/28/2025 | Purchase | 30000.00 | |||||
| 06/28/2025 | 336.2 ACC | MBY000866 | 90000.00 | 06/28/2025 | Books | Dewey Decimal Classification | CBE MBEYA | CBE MBEYA | General Collection | 06/28/2025 | Purchase | 30000.00 | |||||
| 06/28/2025 | 336.2 ACC | MBY000865 | 90000.00 | 06/28/2025 | Books | Dewey Decimal Classification | CBE MBEYA | CBE MBEYA | General Collection | 06/28/2025 | Purchase | 30000.00 |
